000 00637nam a2200205 i 4500
001 55584
003 ES-MaACL
007 t|
008 030923s1984 sp ||||1| spa d
100 1 _aDescola, Jean.
_943861
245 1 3 _aLa vida cotidiana en la España romántica
_b: 1833-1868 /
_cJean Descola ; traducción de Oscar Collazos.
250 _a[1ª ed.].
260 _a[Barcelona] :
_bArgos Vergara,
_c[1984]
300 _a198 p. ;
_c22 cm.
490 1 _aColección en Línea
700 1 _aCollazos, Oscar.
_939682
830 0 _aColección en Línea
_9182554
852 _aES-MaACL
_jL-6228
_bR.106933
999 _c55584
_d55584